00831cam a2200205 a 450000500170000000800410001702000180005803500390007604000500011504100080016510000270017324500810020026000650028130000540034649000270040050400530042765000620048065000500054265000330059220161206164128.0090814s2009 enkao fr 001 0 eng d a9780719090059 a(OCoLC)436264469z(OCoLC)430839409 aCO-BoUCMbspacSandra PalaciodSandra Palacio0 aeng1 aRobertson, Emmad1976-10aChocolate, women and empire ba social and cultural history cEmma Robertson aMánchester (Inglaterra)bManchester University Pressc2009 axiii, 249 páginasbilustraciones, fotografías0 aStudies in imperialism aIncluye referencias bibliográficas e índices17aChocolatexIndustria y comercioxHistoriazGran Bretaña27aComercioxChocolatevHistoriazGran Bretaña27aChocolatexAspectos sociales